Τεχνητά νευρωνικά δίκτυα
Saved in:
| Main Author: | |
|---|---|
| Format: | Book |
| Language: | Greek |
| Published: |
Αθήνα :
Κλειδάριθμος,
2007.
|
| Subjects: | |
| Tags: |
Add Tag
No Tags, Be the first to tag this record!
|
MARC
| LEADER | 00000cam a2200000 a 4500 | ||
|---|---|---|---|
| 001 | 1/123394 | ||
| 008 | 210723s2007####gr ||||||| |||| ||gre|| | ||
| 020 | |a 9789604610808 | ||
| 040 | |a GR-MyUa |b gre |c GR-MyUa |e AACR2 | ||
| 041 | 0 | |a gre | |
| 082 | 7 | |a 006.3 |2 (23) | |
| 100 | 1 | |a Διαμαντάρας, Κωνσταντίνος Ι. | |
| 245 | 1 | 0 | |a Τεχνητά νευρωνικά δίκτυα / |c Κωνσταντίνος Διαμαντάρας. |
| 260 | |a Αθήνα : |b Κλειδάριθμος, |c 2007. | ||
| 300 | |a 392 σ. ; |c 24 εκ. | ||
| 650 | 0 | |a Neural networks (Computer science) | |
| 852 | |a INST |b LESVOS |e 20210723 |h 006.3 ΔΙΑ |p 005100063906 |q 005100063906 |t BK |y 0 | ||
| 970 | |a Δημάκη |b Μαρία |z 23-07-2021 | ||